Canadá - Mapa de Províncias e Territórios - Statistics

Estatísticas Gerais
  • Esse quiz foi jogado 44 vezes
  • A pontuação média é 9 de 13
Respostas no mapa
Respostas codificadas por cores de uma escala verde-vermelha no mapa do quiz de acordo com a % correta abaixo.
 
Estatísticas das Respostas
Resposta % Correto
Ontario
76%
Quebec
76%
Alberta
72%
Colúmbia Britânica
72%
Ilha do Príncipe Eduardo
72%
Manitoba
69%
Nova Escócia
69%
Saskatchewan
69%
Nunavut
66%
Terra Nova e Labrador
66%
Territórios do Noroeste
66%
Yukon
59%
Nova Brunswick
55%
Nenhum quiz correspondente encontrado
Distribuição das Pontuações
Porcentagem de Pessoas com Cada Pontuação
Percentil de Números Respondidos
Sua Pontuação Histórica
Você não jogou esse quiz